000 00604nam a22001457a 4500
005 20241221113317.0
008 241004b |||||||| |||| 00| 0 eng d
050 _aDPer050 M72 January-March 2018 v. 66 no. 8-10
100 _aAntipasado, Chilla R.
_eauthor.
_962237
245 _aKilalanin :
_bBea T. Barunday para games (swimming) palarong pambansa 2018 /
_cChilla R. Antipasado.
260 _aPhilippines;
_bPublishers Association of the Philippines, Inc.,
_cJanuary 2019.
300 _aVolume 66, pages 313-314,
_billustration.
700 _aAntipasado, Chilla R.
_eauthor.
_962238
942 _2ddc
_cPER
999 _c22207
_d22207